000 00668nam a2200241 a 4500
005 20210219153536.0
008 991125n 000 0 spa u
035 _aUPN01000105582
100 1 _aVarela, Jesús
222 _aREVISTA DE PSICOLOGIA GENERAL Y APLICADA
245 _a¿ Es bidimensional la percepción social de la agresión ?
260 _aSantiago de Compostela, España
300 _a5-10
362 0 _a1991 Vol. 44, no. 1, ene.
653 0 _aAGRESIVIDAD
653 0 _aCONDUCTA
700 1 _aArce, Constantino
700 1 _ecoaut.
700 1 _aSabucedo, José Manuel,
700 1 _ecoaut.
904 _aAC
_b043393
905 _aArticulo
999 _c79536
_d79536